[Event "Aosta op"]
[Site "St Vincent ITA"]
[Date "2004.02.11"]
[Round "5"]
[White "Lanzani, Mario"]
[Black "Charbonneau, Pascal"]
[Result "1-0"]
[WhiteElo "2352"]
[BlackElo "2485"]
[PlyCount "65"]
[GameId "2129405129456179"]
[EventDate "2004.02.08"]
[EventType "swiss"]
[EventRounds "9"]
[EventCountry "ITA"]
[SourceTitle "The Week in Chess 484"]
[Source "Mark Crowther"]
[SourceDate "2004.02.16"]
[SourceVersion "1"]
[SourceVersionDate "2004.02.16"]
[SourceQuality "2"]

1. e4 c5 2. Nf3 d6 3. d4 cxd4 4. Nxd4 Nf6 5. Nc3 Bd7 6. Be2 g6 7. Be3 Bg7 8. Qd2 Nc6 9. O-O-O O-O 10. h4 h5 11. f3 Rc8 12. Kb1 Ne5 13. Bg5 Nc4 14. Bxc4 Rxc4 15. Nde2 Rc5 16. Be3 Rc6 17. Bg5 Rc5 18. Be3 Rc6 19. Bg5 Nh7 20. Bh6 Bxh6 21. Qxh6 e5 22. Nd5 Be6 23. Qd2 a5 24. Nec3 Kg7 25. Qe2 Rc5 26. g4 hxg4 27. fxg4 Nf6 28. Nxf6 Qxf6 29. g5 Qf4 30. Rxd6 Rfc8 31. a4 Bg4 32. Qd3 Rc4 33. Rf6 1-0

[Event "Aosta op"]
[Site "St Vincent ITA"]
[Date "2004.02.12"]
[Round "6"]
[White "Charbonneau, Pascal"]
[Black "Valenti, Giuseppe"]
[Result "1/2-1/2"]
[WhiteElo "2485"]
[BlackElo "2305"]
[PlyCount "70"]
[GameId "2129405129456198"]
[EventDate "2004.02.08"]
[EventType "swiss"]
[EventRounds "9"]
[EventCountry "ITA"]
[SourceTitle "The Week in Chess 484"]
[Source "Mark Crowther"]
[SourceDate "2004.02.16"]
[SourceVersion "1"]
[SourceVersionDate "2004.02.16"]
[SourceQuality "2"]

1. e4 c5 2. Nf3 e6 3. d4 cxd4 4. Nxd4 a6 5. Bd3 Nf6 6. O-O Qc7 7. Qe2 d6 8. c4 Nbd7 9. Nc3 Be7 10. f4 O-O 11. Kh1 b6 12. Bd2 Bb7 13. Rae1 Rad8 14. Nf3 g6 15. Bb1 Rfe8 16. b3 Bf8 17. e5 dxe5 18. fxe5 Ng4 19. Ng5 Ngxe5 20. Bf4 f6 21. Nxh7 Kxh7 22. Qh5+ Kg8 23. Bxg6 Re7 24. Re3 Qc8 25. Bc2 Rg7 26. Ne4 Bxe4 27. Bxe4 f5 28. Rh3 Nf6 29. Qh4 Neg4 30. Bf3 Be7 31. Bg5 Qc5 32. Bxg4 Nxg4 33. Qh8+ Kf7 34. Qh5+ Kg8 35. Qh8+ Kf7 1/2-1/2

[Event "Aosta op"]
[Site "St Vincent ITA"]
[Date "2004.02.13"]
[Round "7"]
[White "O'Cinneide, Mel"]
[Black "Charbonneau, Pascal"]
[Result "0-1"]
[WhiteElo "2256"]
[BlackElo "2485"]
[PlyCount "66"]
[GameId "2129405129456242"]
[EventDate "2004.02.08"]
[EventType "swiss"]
[EventRounds "9"]
[EventCountry "ITA"]
[SourceTitle "The Week in Chess 484"]
[Source "Mark Crowther"]
[SourceDate "2004.02.16"]
[SourceVersion "1"]
[SourceVersionDate "2004.02.16"]
[SourceQuality "2"]

1. Nf3 d5 2. d4 c6 3. c4 Nf6 4. Nc3 a6 5. c5 Nbd7 6. Bf4 Nh5 7. e3 g6 8. Bd3 Bg7 9. h3 Nxf4 10. exf4 b6 11. cxb6 Qxb6 12. Na4 Qa5+ 13. Ke2 c5 14. dxc5 Nxc5 15. Nxc5 Qxc5 16. Qd2 O-O 17. Rac1 Qd6 18. Rc2 Bb7 19. Rhc1 d4 20. Kf1 Bxf3 21. gxf3 Bh6 22. Rc6 Bxf4 23. Qa5 Qd7 24. R1c4 Qxh3+ 25. Ke2 Rab8 26. Rxd4 Rxb2+ 27. Rc2 Qe6+ 28. Re4 Rxc2+ 29. Bxc2 Qd6 30. Ra4 Rb8 31. Bb3 Rb5 32. Qxa6 Qd2+ 33. Kf1 Qd3+ 0-1

[Event "Aosta op"]
[Site "St Vincent ITA"]
[Date "2004.02.15"]
[Round "9"]
[White "Charbonneau, Pascal"]
[Black "Borgo, Giulio"]
[Result "1-0"]
[WhiteElo "2485"]
[BlackElo "2409"]
[PlyCount "120"]
[GameId "2129405129456285"]
[EventDate "2004.02.08"]
[EventType "swiss"]
[EventRounds "9"]
[EventCountry "ITA"]
[SourceTitle "The Week in Chess 484"]
[Source "Mark Crowther"]
[SourceDate "2004.02.16"]
[SourceVersion "1"]
[SourceVersionDate "2004.02.16"]
[SourceQuality "2"]

1. e4 c5 2. Nf3 e6 3. d4 cxd4 4. Nxd4 Nc6 5. Nc3 d6 6. Bc4 Nxd4 7. Qxd4 Ne7 8. Bg5 h6 9. Be3 Nc6 10. Qd2 Be7 11. O-O-O a6 12. Kb1 Qc7 13. Bb3 b5 14. f4 Na5 15. f5 Nxb3 16. axb3 b4 17. Na4 Rb8 18. Rhf1 e5 19. Qe2 Bd7 20. Rfe1 Bb5 21. Qf2 Bxa4 22. bxa4 b3 23. cxb3 Rxb3 24. Qc2 Qb7 25. Ka2 Rb4 26. Bd2 Rd4 27. Bc3 Rc4 28. Qb3 Qc8 29. Rc1 O-O 30. Bd2 d5 31. exd5 Rxc1 32. Rxc1 Qxf5 33. Rc6 Qf1 34. d6 Bf6 35. Qf3 Qg1 36. Bc3 Rd8 37. Qd5 Qxh2 38. d7 Qf4 39. Rxa6 Qg4 40. Ra7 h5 41. Qc6 Qe6+ 42. Qxe6 fxe6 43. Ba5 Rf8 44. Rc7 Bd8 45. Rc5 Bxa5 46. Rxa5 Kf7 47. Rxe5 g6 48. Rb5 Ke7 49. Rb7 Ra8 50. Kb3 e5 51. Rc7 Ra6 52. Rc5 Re6 53. Rd5 Kd8 54. Kc2 h4 55. b4 Rf6 56. b5 e4 57. a5 e3 58. a6 Rf2+ 59. Kb3 Rf1 60. a7 Ra1 1-0

[Event "Lindsborg Inv Rapid"]
[Site "Kansas USA"]
[Date "2003.12.14"]
[Round "3"]
[White "Charbonneau, Pascal"]
[Black "Morovic Fernandez, Ivan"]
[Result "1-0"]
[WhiteElo "2485"]
[BlackElo "2583"]
[PlyCount "65"]
[GameId "2129405130941760"]
[EventDate "2003.12.13"]
[EventType "tourn (rapid)"]
[EventRounds "5"]
[EventCountry "USA"]
[EventCategory "13"]
[SourceTitle "The Week in Chess 476"]
[Source "Mark Crowther"]
[SourceDate "2003.12.22"]
[SourceVersion "1"]
[SourceVersionDate "2003.12.22"]
[SourceQuality "2"]

1. e4 c6 2. c4 d5 3. exd5 cxd5 4. cxd5 Nf6 5. Nc3 Nxd5 6. Nf3 Nxc3 7. bxc3 g6 8. Bc4 Bg7 9. O-O O-O 10. d4 Nc6 11. Re1 Bg4 12. Bg5 Qc7 13. Bb3 e6 14. h3 Bxf3 15. Qxf3 Rac8 16. Bf4 Qd7 17. d5 exd5 18. Bxd5 Ne7 19. Bxb7 Rxc3 20. Qe4 Nf5 21. Rad1 Qb5 22. Bd5 Rcc8 23. Rb1 Qa5 24. Rb7 Rcd8 25. Rd1 Nd4 26. Bc4 Qf5 27. Re1 Qa5 28. Bc7 Qc5 29. Bxf7+ Rxf7 30. Bxd8 Rxb7 31. Qxb7 Be5 32. Qe4 Nc6 33. Bg5 1-0

[Event "Lindsborg Inv Rapid"]
[Site "Kansas USA"]
[Date "2003.12.14"]
[Round "4"]
[White "Shulman, Yuri"]
[Black "Charbonneau, Pascal"]
[Result "1/2-1/2"]
[WhiteElo "2564"]
[BlackElo "2485"]
[PlyCount "67"]
[GameId "2129405130941765"]
[EventDate "2003.12.13"]
[EventType "tourn (rapid)"]
[EventRounds "5"]
[EventCountry "USA"]
[EventCategory "13"]
[SourceTitle "The Week in Chess 476"]
[Source "Mark Crowther"]
[SourceDate "2003.12.22"]
[SourceVersion "1"]
[SourceVersionDate "2003.12.22"]
[SourceQuality "2"]

1. d4 d5 2. c4 c6 3. Nf3 Nf6 4. Nc3 a6 5. Ne5 dxc4 6. Nxc4 b5 7. Ne5 Bb7 8. e3 e6 9. Be2 Nbd7 10. O-O Bd6 11. f4 c5 12. Bf3 Bxf3 13. Qxf3 cxd4 14. exd4 O-O 15. Be3 Nb6 16. Bf2 b4 17. Ne4 Nxe4 18. Qxe4 f5 19. Qf3 Bxe5 20. dxe5 Nd5 21. Bc5 Re8 22. Rac1 Rc8 23. Bd6 Qb6+ 24. Kh1 Qd4 25. Rxc8 Rxc8 26. b3 Rc2 27. h3 g6 28. Qg3 Qd2 29. Qg5 Kf7 30. Rg1 Rc1 31. Qd8 Rxg1+ 32. Kxg1 Qc1+ 33. Kh2 Qxf4+ 34. Kh1 1/2-1/2

[Event "Lindsborg Inv Rapid"]
[Site "Kansas USA"]
[Date "2003.12.14"]
[Round "5"]
[White "Charbonneau, Pascal"]
[Black "Onischuk, Alexander"]
[Result "0-1"]
[WhiteElo "2485"]
[BlackElo "2661"]
[PlyCount "122"]
[GameId "2129405130941766"]
[EventDate "2003.12.13"]
[EventType "tourn (rapid)"]
[EventRounds "5"]
[EventCountry "USA"]
[EventCategory "13"]
[SourceTitle "The Week in Chess 476"]
[Source "Mark Crowther"]
[SourceDate "2003.12.22"]
[SourceVersion "1"]
[SourceVersionDate "2003.12.22"]
[SourceQuality "2"]

1. e4 e5 2. Nc3 Nf6 3. Bc4 Nc6 4. d3 Na5 5. Nge2 c6 6. a4 Nxc4 7. dxc4 Be7 8. O-O d6 9. b3 O-O 10. Ba3 Be6 11. Qd3 Qc7 12. f4 Rad8 13. f5 Bc8 14. Kh1 b6 15. Rad1 Bb7 16. Qf3 Rd7 17. Ng3 Rfd8 18. Nh5 Nxh5 19. Qxh5 Bf6 20. Qf3 Kh8 21. Rd3 d5 22. cxd5 cxd5 23. exd5 e4 24. Nxe4 Rxd5 25. Rxd5 Bxd5 26. Qg4 Be5 27. c4 Bc6 28. Ng5 h6 29. Nf3 Bf6 30. Bc1 Qd7 31. Bf4 Qd3 32. Re1 Re8 33. Rxe8+ Bxe8 34. Nd2 Bc6 35. h3 Kh7 36. Kh2 Bd7 37. Qf3 Qxf5 38. Ne4 Be5 39. Bxe5 Qxe5+ 40. Kh1 Bf5 41. Nc3 Bc2 42. Nd5 f5 43. Kg1 Qb2 44. Qf4 Be4 45. Ne3 Qxb3 46. g4 Qb1+ 47. Kf2 fxg4 48. hxg4 Bg6 49. g5 Qe4 50. Qg3 h5 51. Qc7 Qh4+ 52. Qg3 Qxg3+ 53. Kxg3 Be8 54. a5 bxa5 55. c5 a4 56. Nc4 Bb5 57. Na3 Bc6 58. Kf4 h4 59. Kg4 Kg6 60. Nc4 Bd7+ 61. Kxh4 Kf5 0-1

[Event "American Continental"]
[Site "Buenos Aires ARG"]
[Date "2003.08.19"]
[Round "3"]
[White "Morovic Fernandez, Ivan"]
[Black "Charbonneau, Pascal"]
[Result "1/2-1/2"]
[WhiteElo "2573"]
[BlackElo "2442"]
[PlyCount "49"]
[GameId "2129405133605736"]
[EventDate "2003.08.17"]
[EventType "swiss"]
[EventRounds "11"]
[EventCountry "ARG"]
[SourceTitle "The Week in Chess 459"]
[Source "Mark Crowther"]
[SourceDate "2003.08.25"]
[SourceVersion "1"]
[SourceVersionDate "2003.08.25"]
[SourceQuality "2"]

1. d4 d5 2. c4 c6 3. Nc3 Nf6 4. e3 a6 5. Nf3 b5 6. b3 Bg4 7. Be2 Nbd7 8. O-O e6 9. h3 Bh5 10. Bb2 Bd6 11. Ne5 Bxe2 12. Nxe2 Qc7 13. cxd5 cxd5 14. Rc1 Qb8 15. Nc6 Qb6 16. Qd2 b4 17. Rc2 O-O 18. Ne5 Rfc8 19. Rfc1 Qb7 20. Nc6 a5 21. Qd3 Rc7 22. f3 Rac8 23. Ne5 h6 24. g4 Qb8 25. Nxd7 1/2-1/2

[Event "American Continental"]
[Site "Buenos Aires ARG"]
[Date "2003.08.22"]
[Round "5"]
[White "Whatley, Andrew"]
[Black "Charbonneau, Pascal"]
[Result "0-1"]
[WhiteElo "2323"]
[BlackElo "2442"]
[PlyCount "81"]
[GameId "2129405133605910"]
[EventDate "2003.08.17"]
[EventType "swiss"]
[EventRounds "11"]
[EventCountry "ARG"]
[SourceTitle "The Week in Chess 459"]
[Source "Mark Crowther"]
[SourceDate "2003.08.25"]
[SourceVersion "1"]
[SourceVersionDate "2003.08.25"]
[SourceQuality "2"]

1. d4 Nf6 2. Nf3 g6 3. Bf4 Bg7 4. e3 O-O 5. Be2 c5 6. c3 b6 7. O-O Bb7 8. Nbd2 d6 9. h3 Nbd7 10. Bh2 Qc7 11. a4 a6 12. Bd3 Rfe8 13. Re1 e5 14. dxe5 Nxe5 15. Nxe5 dxe5 16. Be2 Qc6 17. Bf3 e4 18. Be2 Rad8 19. Qc2 b5 20. Nb3 Qb6 21. axb5 axb5 22. Na5 Ba6 23. c4 b4 24. Nb3 Bb7 25. Ra5 Bc6 26. Rxc5 Ba4 27. Rc7 Rd7 28. Rxd7 Nxd7 29. Qd2 Rd8 30. Nd4 Nc5 31. Bd1 Bb3 32. Qe2 Bxd1 33. Rxd1 Nd3 34. Nb5 Nxb2 35. Rb1 Rd7 36. Bg3 Nd3 37. Qa2 Qc6 38. Ra1 Bxa1 39. Qxa1 b3 40. Be5 Nxe5 41. Qxe5 0-1

[Event "American Continental"]
[Site "Buenos Aires ARG"]
[Date "2003.08.23"]
[Round "6"]
[White "Charbonneau, Pascal"]
[Black "Sorin, Ariel"]
[Result "1-0"]
[WhiteElo "2442"]
[BlackElo "2519"]
[PlyCount "103"]
[GameId "2129405133605916"]
[EventDate "2003.08.17"]
[EventType "swiss"]
[EventRounds "11"]
[EventCountry "ARG"]
[SourceTitle "The Week in Chess 459"]
[Source "Mark Crowther"]
[SourceDate "2003.08.25"]
[SourceVersion "1"]
[SourceVersionDate "2003.08.25"]
[SourceQuality "2"]

1. e4 e5 2. Nc3 Nf6 3. Bc4 Bb4 4. f4 O-O 5. fxe5 Nxe4 6. Nf3 Nxc3 7. dxc3 Be7 8. O-O Nc6 9. Bf4 d6 10. exd6 cxd6 11. Kh1 Be6 12. Bb3 Bxb3 13. axb3 d5 14. Qd3 Qd7 15. Ne5 Nxe5 16. Bxe5 f6 17. Bg3 Rfd8 18. Rfd1 Bc5 19. Qf3 Qf7 20. Rd3 Rd7 21. Rad1 Rad8 22. Bf2 b6 23. Bxc5 bxc5 24. Qf2 Qe7 25. Re1 Qf8 26. h3 Re7 27. Red1 Re5 28. c4 d4 29. c3 Qe7 30. cxd4 Re2 31. Qf4 Re4 32. Qf2 Re2 33. Qg1 Qe4 34. d5 a5 35. Rg3 Qe5 36. Rgd3 Qe4 37. Qf1 Rd6 38. R3d2 Re3 39. Rd3 Re2 40. Qf3 Qe5 41. Qg3 Qe4 42. R1d2 Re1+ 43. Kh2 Qe7 44. Rd1 Re4 45. Rf3 h5 46. Rf4 Re3 47. Rf3 h4 48. Qf4 Re4 49. Qf5 Re5 50. Qf4 Re4 51. Qd2 Re2 52. Qxa5 1-0

[Event "American Continental"]
[Site "Buenos Aires ARG"]
[Date "2003.08.26"]
[Round "8"]
[White "Charbonneau, Pascal"]
[Black "Shulman, Yuri"]
[Result "1-0"]
[WhiteElo "2442"]
[BlackElo "2559"]
[PlyCount "89"]
[GameId "2129405133614258"]
[EventDate "2003.08.17"]
[EventType "swiss"]
[EventRounds "11"]
[EventCountry "ARG"]
[SourceTitle "The Week in Chess 460"]
[Source "Mark Crowther"]
[SourceDate "2003.09.01"]
[SourceVersion "1"]
[SourceVersionDate "2003.09.01"]
[SourceQuality "2"]

1. e4 e6 2. d4 d5 3. e5 c5 4. c3 Qb6 5. Nf3 Bd7 6. a3 a5 7. Be2 a4 8. O-O Nc6 9. Bd3 Na5 10. Bc2 Nc4 11. Ra2 Ne7 12. Re1 Nc6 13. Kh1 Be7 14. Nbd2 Nxd2 15. Bxd2 cxd4 16. cxd4 O-O 17. Bc3 Qa7 18. h4 b5 19. Qd3 g6 20. Qd2 Rfb8 21. Raa1 b4 22. axb4 Nxb4 23. Bb1 Nc6 24. Qf4 Na5 25. Ng5 Rf8 26. h5 Nb3 27. Ra2 f6 28. Nh3 g5 29. Qg3 Kh8 30. exf6 Rxf6 31. Nxg5 Qb8 32. Qe3 Bd6 33. g3 Qg8 34. Nxh7 Rf7 35. Ng5 Rf6 36. Nf3 Qg4 37. Ne5 Qh3+ 38. Kg1 Rg8 39. Nf7+ Kg7 40. Nxd6 Qxh5 41. Qe5 Qg4 42. Be4 Rh8 43. Bg2 Rh5 44. Qe2 Qxe2 45. Rxe2 1-0

[Event "American Continental"]
[Site "Buenos Aires ARG"]
[Date "2003.08.27"]
[Round "9"]
[White "Dominguez Perez, Leinier"]
[Black "Charbonneau, Pascal"]
[Result "1/2-1/2"]
[WhiteElo "2610"]
[BlackElo "2442"]
[PlyCount "47"]
[GameId "2129405133618448"]
[EventDate "2003.08.17"]
[EventType "swiss"]
[EventRounds "11"]
[EventCountry "ARG"]
[SourceTitle "The Week in Chess 460"]
[Source "Mark Crowther"]
[SourceDate "2003.09.01"]
[SourceVersion "1"]
[SourceVersionDate "2003.09.01"]
[SourceQuality "2"]

1. e4 c5 2. Nf3 e6 3. d4 cxd4 4. Nxd4 a6 5. Bd3 Bc5 6. Nb3 Be7 7. O-O d6 8. c4 Nf6 9. Nc3 b6 10. f4 Nbd7 11. Qe2 Bb7 12. Bd2 O-O 13. Rf3 g6 14. Rh3 Qc7 15. Re1 Ne8 16. Qf2 Ng7 17. f5 Bf6 18. Qe3 h5 19. fxg6 fxg6 20. Be2 Ne5 21. Qh6 Ne8 22. Rf1 Bg7 23. Rxf8+ Bxf8 24. Qg5 1/2-1/2

[Event "American Continental"]
[Site "Buenos Aires ARG"]
[Date "2003.08.28"]
[Round "10"]
[White "Charbonneau, Pascal"]
[Black "Milos, Gilberto"]
[Result "1-0"]
[WhiteElo "2442"]
[BlackElo "2592"]
[PlyCount "73"]
[GameId "2129405133618508"]
[EventDate "2003.08.17"]
[EventType "swiss"]
[EventRounds "11"]
[EventCountry "ARG"]
[SourceTitle "The Week in Chess 460"]
[Source "Mark Crowther"]
[SourceDate "2003.09.01"]
[SourceVersion "1"]
[SourceVersionDate "2003.09.01"]
[SourceQuality "2"]

1. e4 c6 2. d4 d5 3. e5 Bf5 4. Nc3 e6 5. g4 Bg6 6. Nge2 c5 7. Be3 Nd7 8. dxc5 Bxc5 9. Bxc5 Nxc5 10. f4 Ne7 11. Qd2 Rc8 12. Bg2 O-O 13. h4 h5 14. f5 exf5 15. gxf5 Bxf5 16. O-O-O Ne6 17. Rhf1 Bg6 18. Qe3 Nf5 19. Qh3 Nxh4 20. Bxd5 Qg5+ 21. Kb1 Nf5 22. Rg1 Qh4 23. Qf3 Ne7 24. Bxe6 fxe6 25. Qxb7 Rcd8 26. Rd6 Bf5 27. a3 Ng6 28. Ng3 Bg4 29. Qe4 Qg5 30. Nxh5 Nxe5 31. Rxd8 Rxd8 32. Nf4 Qf5 33. Qe3 Nc4 34. Qg3 Rd2 35. Nd3 Rxd3 36. cxd3 Ne5 37. Ka1 1-0

[Event "NY Masters (68th)"]
[Site "New York USA"]
[Date "2003.08.12"]
[Round "2"]
[White "Charbonneau, Pascal"]
[Black "Hoffmann, Asa"]
[Result "1-0"]
[WhiteElo "2442"]
[BlackElo "2307"]
[PlyCount "125"]
[GameId "2129405133753997"]
[EventDate "2003.08.12"]
[EventType "swiss"]
[EventRounds "4"]
[EventCountry "USA"]
[SourceTitle "The Week in Chess 458"]
[Source "Mark Crowther"]
[SourceDate "2003.08.18"]
[SourceVersion "1"]
[SourceVersionDate "2003.08.18"]
[SourceQuality "2"]

1. e4 c6 2. d4 d6 3. Nc3 a6 4. a4 g6 5. Be3 Bg7 6. Qd2 Qc7 7. f4 Nf6 8. Nf3 a5 9. h3 O-O 10. e5 Ne8 11. Be2 Na6 12. O-O Nb4 13. g4 f6 14. Bc4+ d5 15. Bb3 Be6 16. Ne2 Qd7 17. Ng3 Nc7 18. c3 Nba6 19. Bc2 f5 20. Ng5 Kh8 21. Kh2 Bg8 22. gxf5 gxf5 23. Rg1 e6 24. Nh5 Ne8 25. Rg2 h6 26. Nf3 Bf7 27. Nxg7 Nxg7 28. Rag1 Rg8 29. Qf2 Nh5 30. Qh4 Rxg2+ 31. Rxg2 Rg8 32. Rxg8+ Kxg8 33. Bd1 Qe8 34. Ne1 Nb8 35. Nd3 Nd7 36. b4 b6 37. Be2 Kh7 38. Nf2 Ng7 39. Bd3 Bg6 40. Bc1 Qf8 41. Ba3 c5 42. bxc5 bxc5 43. Bb5 Be8 44. Nd3 Qf7 45. Nxc5 Nxc5 46. Bxc5 Bxb5 47. axb5 Qb7 48. b6 a4 49. Qf2 Qa6 50. Qb2 Qf1 51. b7 Qxf4+ 52. Kg2 Qe4+ 53. Kf2 Qf4+ 54. Ke1 Qe3+ 55. Kd1 Qd3+ 56. Kc1 Qf1+ 57. Kc2 Qe2+ 58. Kb1 Qd3+ 59. Ka1 a3 60. Bxa3 Qf1+ 61. Qb1 Qa6 62. Qb4 Qf1+ 63. Ka2 1-0

[Event "NY Masters (68th)"]
[Site "New York USA"]
[Date "2003.08.12"]
[Round "3"]
[White "Sagalchik, Gennadij"]
[Black "Charbonneau, Pascal"]
[Result "0-1"]
[WhiteElo "2491"]
[BlackElo "2442"]
[PlyCount "72"]
[GameId "2129405133753998"]
[EventDate "2003.08.12"]
[EventType "swiss"]
[EventRounds "4"]
[EventCountry "USA"]
[SourceTitle "The Week in Chess 458"]
[Source "Mark Crowther"]
[SourceDate "2003.08.18"]
[SourceVersion "1"]
[SourceVersionDate "2003.08.18"]
[SourceQuality "2"]

1. d4 d5 2. c4 c6 3. Nc3 Nf6 4. e3 a6 5. Bd3 b5 6. b3 g6 7. Nf3 Bg7 8. Ne5 O-O 9. Qc2 dxc4 10. bxc4 c5 11. Bb2 cxd4 12. exd4 Bb7 13. O-O Qxd4 14. Rfe1 b4 15. Na4 Qa7 16. c5 Nc6 17. Nb6 Rad8 18. Rad1 Nxe5 19. Bxe5 Bc6 20. Qb2 a5 21. a3 bxa3 22. Qxa3 a4 23. Bc2 Rxd1 24. Rxd1 Nd7 25. Bxg7 Kxg7 26. Bxa4 Nf6 27. Qb4 Qc7 28. Bxc6 Qxc6 29. h3 Ne4 30. Qd4+ Nf6 31. Re1 Re8 32. Ra1 e5 33. Qc4 Re7 34. Ra6 Rc7 35. Na4 Qd7 36. Rd6 Qxd6 0-1

[Event "Andorra op"]
[Site "Andorra la Vella AND"]
[Date "2003.07.05"]
[Round "1"]
[White "Llasera Brufau, Joan"]
[Black "Charbonneau, Pascal"]
[Result "0-1"]
[WhiteElo "2030"]
[BlackElo "2440"]
[PlyCount "46"]
[GameId "2129405134600533"]
[EventDate "2003.07.05"]
[EventType "swiss"]
[EventRounds "9"]
[EventCountry "AND"]
[SourceTitle "CBM 095 ext"]
[Source "ChessBase"]
[SourceDate "2003.09.04"]
[SourceVersion "1"]
[SourceVersionDate "2003.09.04"]
[SourceQuality "1"]

1. d4 Nf6 2. c4 e6 3. Nf3 c5 4. e3 d5 5. cxd5 exd5 6. Bb5+ Nc6 7. O-O Bd6 8. Nc3 O-O 9. h3 Be6 10. dxc5 Bxc5 11. Bd2 Qe7 12. Ne2 Rfd8 13. Ned4 Bd7 14. Be2 Ne4 15. Be1 Rac8 16. a3 Qf6 17. Nxc6 bxc6 18. Nd4 Bd6 19. Bg4 c5 20. Bxd7 Rxd7 21. Nb5 Qxb2 22. Nxd6 Rxd6 23. Qa4 Qxa1 0-1

[Event "Andorra op"]
[Site "Andorra la Vella AND"]
[Date "2003.07.06"]
[Round "2"]
[White "Charbonneau, Pascal"]
[Black "Zapletal, Jiri"]
[Result "1-0"]
[WhiteElo "2440"]
[BlackElo "2195"]
[PlyCount "181"]
[GameId "2129405134600553"]
[EventDate "2003.07.05"]
[EventType "swiss"]
[EventRounds "9"]
[EventCountry "AND"]
[SourceTitle "CBM 095 ext"]
[Source "ChessBase"]
[SourceDate "2003.09.04"]
[SourceVersion "1"]
[SourceVersionDate "2003.09.04"]
[SourceQuality "1"]

1. e4 d6 2. d4 Nf6 3. Nc3 e5 4. Nf3 Nbd7 5. Bc4 Be7 6. O-O O-O 7. Re1 c6 8. a4 a5 9. h3 Qc7 10. Ba2 b6 11. Be3 Bb7 12. Nh4 g6 13. dxe5 dxe5 14. Qf3 Nh5 15. g3 Bxh4 16. gxh4 Kg7 17. Kh1 f5 18. Rg1 Ndf6 19. Qxf5 c5 20. Kh2 Nf4 21. Qg5 Nxe4 22. Nxe4 Bxe4 23. c3 Rf5 24. Qg4 Raf8 25. Bc4 Bc6 26. b3 Nd5 27. Bxd5 Bxd5 28. Rg3 Qf7 29. Qe2 Rf3 30. Rxf3 Qxf3 31. Qxf3 Bxf3 32. b4 axb4 33. cxb4 cxb4 34. Rb1 Bc6 35. Rxb4 Ra8 36. Rxb6 Bxa4 37. Rb7+ Kf6 38. Rxh7 Bd1 39. Rd7 Bh5 40. Rd6+ Kf5 41. Bg5 e4 42. Rd5+ Ke6 43. Rb5 Rf8 44. Kg2 Rf5 45. Rb4 Kd5 46. Be3 Bf3+ 47. Kg3 Ke6 48. Rb6+ Kf7 49. Bd4 Bh5 50. Kg2 Bf3+ 51. Kg1 Bh5 52. Rb4 Bf3 53. Bb2 Rf4 54. Rb7+ Ke6 55. Rb6+ Kf7 56. Kh2 Rxh4 57. Rf6+ Ke7 58. Rxg6 Kf7 59. Rg7+ Kf8 60. Kg3 Rh6 61. Rg5 Rb6 62. Bd4 Rc6 63. Kf4 Rc7 64. Kf5 Rd7 65. Be5 Rh7 66. Ke6 Re7+ 67. Kf6 Rf7+ 68. Kg6 Rb7 69. Bf6 Rb1 70. Rd5 Rb8 71. Rd7 e3 72. fxe3 Be4+ 73. Kg5 Rb5+ 74. Kf4 Bf5 75. Rc7 Bxh3 76. e4 Ke8 77. Ke3 Rb6 78. Bc3 Bg2 79. Rg7 Bxe4 80. Kxe4 Ra6 81. Kd5 Kd8 82. Be5 Ra5+ 83. Ke6 Kc8 84. Rc7+ Kd8 85. Rb7 Ra8 86. Bd6 Kc8 87. Rb6 Kd8 88. Rc6 Ke8 89. Rc1 Kd8 90. Be7+ Ke8 91. Rh1 1-0

[Event "Andorra op"]
[Site "Andorra la Vella AND"]
[Date "2003.07.07"]
[Round "3"]
[White "Delchev, Aleksander"]
[Black "Charbonneau, Pascal"]
[Result "1-0"]
[WhiteElo "2572"]
[BlackElo "2442"]
[PlyCount "97"]
[GameId "2129405134608792"]
[EventDate "2003.07.05"]
[EventType "swiss"]
[EventRounds "9"]
[EventCountry "AND"]
[SourceTitle "The Week in Chess 453"]
[Source "Mark Crowther"]
[SourceDate "2003.07.14"]
[SourceVersion "1"]
[SourceVersionDate "2003.07.14"]
[SourceQuality "2"]

1. e4 c5 2. Nf3 e6 3. b3 d6 4. d4 cxd4 5. Nxd4 Nf6 6. Bd3 d5 7. e5 Ne4 8. O-O Nd7 9. Bb2 Nxe5 10. Nxe6 Bxe6 11. Bxe5 a6 12. Bxe4 dxe4 13. Nc3 Qxd1 14. Raxd1 f5 15. Nd5 Kf7 16. c4 Rg8 17. f3 exf3 18. Rxf3 g5 19. Rh3 h6 20. Nc7 f4 21. Rhd3 Rc8 22. Nxe6 Kxe6 23. Bd6 Rc6 24. c5 Kf5 25. Rd5+ Kg6 26. b4 b6 27. Kf2 bxc5 28. bxc5 Bg7 29. Rb1 Rgc8 30. Kf3 Bf8 31. Rb6 Bxd6 32. Rxc6 Rxc6 33. cxd6 Rc8 34. d7 Rd8 35. h4 gxh4 36. Kxf4 Kf6 37. Kg4 Ke6 38. Rd2 Rxd7 39. Rxd7 Kxd7 40. Kh5 Kc6 41. Kxh6 Kb5 42. Kh5 Kb4 43. Kxh4 Ka3 44. g4 Kxa2 45. g5 a5 46. g6 a4 47. g7 a3 48. g8=Q+ Kb2 49. Qb8+ 1-0

[Event "Andorra op"]
[Site "Andorra la Vella AND"]
[Date "2003.07.08"]
[Round "4"]
[White "Charbonneau, Pascal"]
[Black "Pham Guerrero, Sergi"]
[Result "1-0"]
[WhiteElo "2442"]
[BlackElo "2183"]
[PlyCount "68"]
[GameId "2129405134608825"]
[EventDate "2003.07.05"]
[EventType "swiss"]
[EventRounds "9"]
[EventCountry "AND"]
[SourceTitle "The Week in Chess 453"]
[Source "Mark Crowther"]
[SourceDate "2003.07.14"]
[SourceVersion "1"]
[SourceVersionDate "2003.07.14"]
[SourceQuality "2"]

1. e4 c5 2. Nf3 d6 3. Bc4 Nc6 4. d3 g6 5. O-O Bg7 6. c3 Nf6 7. Bb3 O-O 8. h3 b5 9. d4 Qc7 10. Re1 Nd7 11. Bg5 h6 12. Bh4 Re8 13. a4 b4 14. Nbd2 cxd4 15. cxd4 Nxd4 16. Nxd4 Bxd4 17. Rc1 Qd8 18. e5 Nxe5 19. Nc4 Nc6 20. Ne3 Bc5 21. Qf3 Be6 22. Bxe6 Ne5 23. Qg3 fxe6 24. Rxc5 dxc5 25. Qxe5 Qd6 26. Qe4 Kh7 27. Rd1 Qa6 28. Ng4 Rad8 29. Rxd8 Rxd8 30. Qf4 Rd1+ 31. Kh2 Qd6 32. Ne5 Re1 33. Bg3 Rxe5 34. Qxe5 Qc6 1-0